[Event "Cappelle op 32nd"]
[Site "Cappelle la Grande"]
[Date "2016.02.13"]
[Round "1"]
[White "Grinev, Valeriy"]
[Black "Berkes, Ferenc"]
[Result "0-1"]
[WhiteElo "2403"]
[BlackElo "2649"]
[Annotator "Primel,D"]
[PlyCount "196"]
[EventDate "2016.02.13"]
[EventType "swiss"]
[EventRounds "9"]
[EventCountry "FRA"]
[SourceTitle "EXT 2017"]
[Source "ChessBase"]
[SourceDate "2016.10.25"]
[SourceVersion "1"]
[SourceVersionDate "2016.10.25"]
[SourceQuality "1"]
[TimeControl "40/5400+30:1800+30"]
[WhiteClock "1:30:00"]
[BlackClock "1:30:00"]

1. d4 Nf6 2. c4 b6 3. Nc3 Bb7 4. d5 e6 5. a3 Bd6 6. Nf3 O-O 7. e4 (7. g3 Ba6 8.
dxe6 dxe6 9. Nb5 Bb7 10. Bg2 a6 11. Nxd6 cxd6 12. Bg5 Nc6 13. O-O Rc8 14. b4 h6
15. Bh4 Qe7 16. Qd2 Rfd8 17. Qe3 Rb8 18. Bxf6 Qxf6 19. Rad1 Ne7 20. Rd2 Ng6 21.
Rfd1 Bxf3 22. exf3 Ne5 23. Rd4 b5 24. cxb5 axb5 25. Rxd6 Rxd6 26. Rxd6 Nc4 27.
Qa7 Qa1+ 28. Bf1 Rc8 29. Rd3 Ne5 30. Re3 Rc1 31. Qb8+ Kh7 32. Qxb5 Nc4 33. Re1
Rxe1 34. Qxc4 Qxa3 35. Kg2 Qc1 36. Qd3+ f5 {Gupta,A (2630)-Kotsur,P (2557)
Dubai 2014 1-0}) 7... exd5 8. exd5 c6 9. Be2 Re8 10. O-O Na6 11. Bg5 Nc7 12.
Qd2 cxd5 $146 (12... h6 13. Bh4 cxd5 14. cxd5 a6 15. Rfe1 b5 16. Nd4 b4 17.
axb4 Bxb4 18. Bf3 Rxe1+ 19. Rxe1 Bxd5 20. Nf5 Bxf3 21. gxf3 Ncd5 22. Kh1 Nxc3
23. Rg1 g6 24. Qxh6 {1-0 (24) Davies,N (2497)-Baburin,A (2597) Birmingham 2000}
) 13. cxd5 Rc8 14. Rad1 Bf8 15. Rfe1 d6 16. Qd4 Be7 17. Bc4 Nd7 18. Bxe7 Rxe7
19. Ba2 Nf6 20. h3 Rxe1+ 21. Rxe1 Qd7 22. Nh4 Re8 23. Rxe8+ Ncxe8 24. Qd3 g6
25. Nf3 Qe7 26. Qd4 Nc7 27. Nd2 Bc8 28. Nde4 Nce8 29. Bc4 Bf5 30. Nxf6+ Nxf6
31. f4 Qe1+ 32. Kh2 Ne4 33. Nxe4 Bxe4 34. b4 h5 35. Bd3 Bxd3 36. Qxd3 h4 $36 {
[%csl Rg3,Rh2]} 37. Qf3 (37. Qa6 {[%cal Ga6a7,Ga6c8]}) 37... a5 38. bxa5 bxa5
39. Qb3 Kh7 40. a4 Qe4 41. Qb5 Qxf4+ 42. Kh1 Qd2 43. Kh2 Kg7 44. Qc6 Qb4 45.
Qd7 Qc5 46. Qb5 Qc3 47. Qc6 Qe5+ 48. Kh1 g5 49. Qc4 Kf6 50. Qf1+ Qf4 51. Qb5
Qc1+ 52. Kh2 Qd2 53. Qc6 Qf4+ 54. Kh1 Qb4 55. Qe8 Kg7 56. Qe7 Kg6 57. Qe8 Qd4
58. Qb5 Qa1+ 59. Kh2 Qe5+ 60. Kh1 Qe1+ 61. Kh2 Kf6 62. Qc6 Qb4 63. Qe8 Qc5 64.
Qd8+ Kf5 65. Qd7+ Kg6 66. Qb5 Qc3 67. Qb1+ f5 68. Qb5 Qe5+ 69. Kh1 Qe1+ 70. Kh2
g4 71. hxg4 fxg4 72. Qd7 Qe5+ 73. Kh1 Kg5 74. Qd8+ Qf6 75. Qg8+ Kf4 76. Kh2 Qf5
77. Qb8 Qxd5 78. Qf8+ Ke3 79. Qd8 Qe5+ 80. Kh1 g3 81. Qb6+ Ke2 82. Qb1 Kd2 83.
Qa2+ Kc3 84. Qa1+ Kb4 85. Qd4+ Kb3 86. Qd1+ Ka3 87. Qd3+ Kxa4 88. Qc4+ Ka3 89.
Qd3+ Kb4 90. Qd4+ Kb5 91. Qd3+ Kb6 92. Qd4+ Kb7 93. Qd1 a4 94. Qb1+ Kc8 95.
Qc1+ Kd8 96. Qf1 h3 97. Qf8+ Kc7 98. Qf1 Qe4 0-1

[Event "Paris Apsap op 103rd"]
[Site "Paris"]
[Date "2008.08.11"]
[Round "8"]
[White "Camus de Solliers, Guillaume"]
[Black "Vallejo Pons, Francisco"]
[Result "0-1"]
[WhiteElo "2319"]
[BlackElo "2650"]
[Annotator "Primel,D"]
[PlyCount "52"]
[EventDate "2008.08.06"]
[EventType "swiss"]
[EventRounds "9"]
[EventCountry "FRA"]
[SourceTitle "EXT 2010"]
[Source "ChessBase"]
[SourceDate "2010.11.25"]
[SourceVersion "1"]
[SourceVersionDate "2010.11.25"]
[SourceQuality "1"]

1. d4 Nf6 2. c4 b6 {Le GMI choisit probablement en pleine connaissance un
système inférieur afin d'une part, d'éviter une préparation adverse et
rechercher une position déséquilibrée avec des chances de gain. Il avait été
contraint d'annuler la veille contre un MF et il devait impérativement gagner
cette partie pour ne pas rater son tournoi.} 3. Nc3 $1 {la ligne critique face
au système des noirs assez douteux} (3. f3 $5 c5 {Solozhenkin,E (2565)
-Shushpanov,V (2385) RUS-Cup1 Chigorin mem 1996 (1) 1/2}) (3. Nf3 {retombe sur
une Ouest-Indienne} e6) 3... Bb7 $8 (3... e6 $6 {Les noirs mélangent la Nimzo
et l'Ouest-Indienne et ils perdent le contrôle de la case clé "e4"} 4. e4 $16)
4. d5 (4. Qc2 d5 5. cxd5 Nxd5 6. e4 Nxc3 7. bxc3 e5 $1 {Euwe,M-Alekhine,A
Budapest 1921 1/2}) (4. f3 {[%cal Ge2e4]} d5 5. cxd5 Nxd5 6. e4 Nxc3 7. bxc3 {
Bogoljubow,E-Alekhine,A World Championship 14th 1929 (8) 0-1}) 4... e6 {
[%cal Gf8b4]} (4... g6 5. e4 d6 6. Nf3 Bg7 7. Be2 $14 {[%csl Rb7]}) 5. a3 $1
Bd6 $5 {Une idée popularisée par le GMI PLANINEC dans les années 70} (5... exd5
6. cxd5 Bc5 {Petrosian,T (2610)-Vilela,J (2480) Keres mem Tallinn 1979 (15) 1-0
} (6... b5 $1 {[%cal Gb7d5,Gf6d5];Morovic Fernandez,I (2605)-Speelman,J (2605)
ESP-chT Cala Galdana 1994 0-1} 7. Qd4)) 6. Nf3 exd5 7. cxd5 O-O 8. g3 (8. Bg5
Re8 9. e3 Be7 10. Bc4 h6 11. Bf4 Nh5 (11... Ba6 {Petrosian,T-Planinec,A
YUG-URS Ohrid 1972 (3.1) 1-0}) 12. Be5 Bf6 13. Bd4 Ba6 14. Bxa6 Nxa6 15. O-O c5
16. Bxf6 Nxf6 17. Qd3 Qc8 18. Nd2 d6 19. Nc4 Rd8 20. e4 Nc7 21. b4 Na6 22. b5
Nc7 {Karpov,A (2690)-Miles,A (2555)/Las Palmas 1977/EXT 1998/1-0 (34)}) 8... c6
(8... Na6 9. Bg2 c6 {Marin,M (2548)-Bauer,C (2480) EU-chT (Men) 1999 (9.3) 1/2}
) 9. Bg2 Na6 $146 ({RR} 9... cxd5 10. Nh4 Qc7 11. Bg5 Be5 12. Rc1 Qd6 13. Bxf6
Qxf6 14. Bxd5 Nc6 15. O-O Rac8 16. Qa4 Rfe8 17. e3 a6 18. Rfd1 b5 19. Qg4 Bxc3
20. Rxc3 Ne5 21. Rxc8 Rxc8 22. Qf5 Qxf5 23. Nxf5 Bxd5 24. Ne7+ {Kragelj,I 
(2239)-Simakov,V/Harkany 2002/EXT 2008/1-0 (36)}) 10. Nd4 $6 {Peut-être trop
lent car après Be5, les noirs semblent avoir assez de contre-jeu} (10. O-O $1
Nxd5 11. Nxd5 cxd5 12. b4 {[%csl Ra6]} (12. Bg5 Qe8 (12... f6 13. Be3 Nc5 14.
Nh4 {[%cal Gg2d5]})) 12... Nc7 13. Bb2 $44 {[%csl Rb7,Rc7,Gd4,Rd6][%cal Ga1c1]}
Re8 14. e3 {[%csl Gd4]} Rc8 (14... Ne6 15. Nh4) 15. Rc1 {[%csl Rg7][%cal Gf3d4,
Gd4f5,Gf3h4,Gd1g4]}) 10... Be5 $11 (10... Nxd5 $6 11. Nxd5 cxd5 12. Nf5 $36 {
[%cal Gg2d5]}) 11. O-O (11. Nf5 Bxc3+ 12. bxc3 Nxd5 13. Bxd5 cxd5 14. Qd4 {
[%csl Rg7]} f6 15. O-O (15. Qg4 g6 16. h4 Kh8 17. Bh6 Qc7 {[%csl Rc3]} (17...
Re8) 18. O-O Rf7)) (11. dxc6 dxc6 12. Nf5 Bxc3+ 13. bxc3 Qxd1+ 14. Kxd1 Nc5 $32
) 11... Nxd5 12. Nxd5 cxd5 13. Nc2 {[%csl Gd5][%cal Gc2e3,Ge3f5]} (13. Nf5) (
13. b4 {[%csl Ra6]}) 13... Qf6 14. Rb1 Qe6 15. Be3 Nc5 16. Nb4 $6 Ne4 17. Bd4
Bd6 18. Nc2 Rac8 19. Ne3 f5 20. f3 Nf6 21. Qd3 f4 22. Nf5 Ba6 (22... fxg3 23.
hxg3 Ba6 $17) 23. Nxg7 $6 {Une tentative pour pêcher en eaux troubles car la
position des blancs était déjà compromise.} (23. Qxa6 Qxf5 24. g4) 23... Qxe2
$17 24. Qf5 $2 Qc2 $2 (24... Bd3 $19) 25. Rfe1 Bc5 26. Bxc5 Qxc5+ 0-1

[Event "Cappelle op 32nd"]
[Site "Cappelle la Grande"]
[Date "2016.02.20"]
[Round "9"]
[White "Bauer, Christian"]
[Black "Moussard, Jules"]
[Result "1-0"]
[WhiteElo "2631"]
[BlackElo "2487"]
[Annotator "Primel,D"]
[PlyCount "81"]
[EventDate "2016.02.13"]
[EventType "swiss"]
[EventRounds "9"]
[EventCountry "FRA"]
[SourceTitle "EXT 2017"]
[Source "ChessBase"]
[SourceDate "2016.10.25"]
[SourceVersion "1"]
[SourceVersionDate "2016.10.25"]
[SourceQuality "1"]
[TimeControl "40/5400+30:1800+30"]
[WhiteClock "0:31:08"]
[BlackClock "0:43:50"]

1. d4 Nf6 2. c4 b6 {Un choix douteux car le GMI aime ce genre de position
sortant des sentiers battus de la théorie} 3. Nc3 Bb7 4. Qc2 d5 5. cxd5 Nxd5
6. Nf3 g6 (6... Nxc3 7. bxc3 g6 8. h4 Bg7 9. h5 c5 10. e3 Qc7 11. Bc4 e6 12.
Bb2 Nc6 13. dxc5 bxc5 14. O-O-O Ke7 15. Ng5 Ne5 16. Be2 Bf6 17. f4 Bxg5 18.
fxg5 Rhb8 19. hxg6 hxg6 20. c4 Bxg2 21. Rh7 Rxb2 22. Qxb2 Be4 23. Qc3 Rb8 24.
Kd2 Rd8+ 25. Kc1 Rb8 26. Kd2 Rd8+ 27. Kc1 {1/2-1/2 (27) Vitiugov,N (2721)
-Romanov,E (2617) Tallinn 2016}) 7. e4 Nxc3 8. bxc3 Bg7 9. Bb5+ Nd7 10. O-O O-O
11. Bg5 h6 12. Bh4 $146 (12. Be3 e6 13. Rad1 Qe7 14. Rfe1 Nf6 15. Bd3 c5 16.
Bc1 Rac8 17. Ba3 Qc7 18. Qe2 Rfd8 19. Bb2 b5 20. g3 a5 21. e5 Nd5 22. Bxb5 cxd4
23. cxd4 Nc3 24. Bxc3 Qxc3 25. Rd3 Qb4 26. a4 Bxf3 27. Rxf3 Rxd4 28. Kg2 Qc5
29. Re3 Rcd8 30. Qf3 R4d5 31. Qf4 g5 32. Qc4 Qa7 33. h4 Rd4 34. Qc6 gxh4 35.
gxh4 Rxh4 36. Rg3 Qd4 37. Qf3 Rf4 38. Qe3 Qxe3 39. Rgxe3 Rdd4 40. Rf3 Rfe4 41.
Rxe4 Rxe4 {Nestorovic,D (2390)-Predojevic,B (2637) Sarajevo 2012 1/2-1/2})
12... Nf6 13. Rfe1 $14 {[%csl Gd4,Ge4]} a6 14. Bf1 Nh5 15. Rab1 Qd7 16. a4 a5
17. Bb5 Qg4 18. h3 Qe6 19. d5 Qd6 20. Rbd1 Qc5 21. e5 Bxd5 22. Bxe7 Qxe7 23.
Rxd5 Rad8 24. Rd4 c6 $6 (24... Rxd4) 25. Bxc6 Qc5 26. Qe4 Qxc3 27. Rc4 Qb3 28.
g4 f5 29. Qc2 Qxc2 30. Rxc2 Nf4 31. e6 Nxh3+ 32. Kh2 fxg4 33. e7 Rd3 34. Be4
Rd6 35. exf8=Q+ Kxf8 36. Rc8+ Kf7 37. Rc7+ Kg8 38. Bb7 Rd8 39. Nh4 Bf8 40. Rc8
Rxc8 41. Bxc8 1-0

[Event "Cappelle op 31st"]
[Site "Cappelle la Grande"]
[Date "2015.03.07"]
[Round "9"]
[White "Arizmendi Martinez, Julen Luis"]
[Black "Iturrizaga Bonelli, Eduardo"]
[Result "1/2-1/2"]
[WhiteElo "2522"]
[BlackElo "2640"]
[Annotator "RR"]
[PlyCount "58"]
[EventDate "2015.02.28"]
[EventType "swiss"]
[EventRounds "9"]
[EventCountry "FRA"]
[SourceTitle "EXT 2016"]
[Source "ChessBase"]
[SourceDate "2015.10.08"]
[SourceVersion "1"]
[SourceVersionDate "2015.10.08"]
[SourceQuality "1"]

1. d4 Nf6 {[%emt 0:02:01]} 2. c4 {[%emt 0:00:04]} b6 {[%emt 0:00:14] Cette
variante est un peu douteuse} 3. Nc3 {[%emt 0:02:05]} Bb7 {[%emt 0:00:38]} 4.
Qc2 {[%emt 0:06:38]} d5 {[%emt 0:00:58]} 5. cxd5 {[%emt 0:01:22]} Nxd5 {
[%emt 0:00:09]} 6. e4 {[%emt 0:02:20]} Nxc3 {[%emt 0:00:09]} 7. bxc3 {[%emt 0:
00:10]} e5 $1 {[%emt 0:00:06] C'est cette réponse e5 qui rend probabelment
jouable cette variante b6 car l'alternative naturelle e6 donne un jeu passif
pour les Noirs} (7... e6 $143 8. Nf3 Be7 9. Bb5+ c6 10. Bd3 $14 {So,W (2755)
-Zhou,J (2580) Las Vegas Millionaire KO rapid 2014 (1.4) 1-0}) 8. dxe5 {
[%emt 0:27:13] L'espagnol est visiblement surpris par l'ouverture des Noirs et
il dépense près d'une 1/2h sur cette position crittique} (8. Nf3 exd4 9. Bc4
Nc6 10. O-O d3 $1 {Zilberstein,V (2445)-Bronstein,D (2585) URS-ch40 Baku 1972 
(20) 1/2}) 8... Qe7 {[%emt 0:02:26]} 9. Nf3 {[%emt 0:02:58]} Nd7 {[%emt 0:00:
05]} 10. Bf4 {[%emt 0:05:51]} (10. Bb5 O-O-O 11. O-O Nxe5 12. Nd4 a6 13. Nf5
Qf6 14. Be2 Bc5 15. Be3 Bxe3 16. Nxe3 Qc6 17. Nd5 Qc5 18. Qa4 c6 19. Ne3 a5 20.
Qc2 Rd7 21. Rab1 Rhd8 22. Qb3 Rd2 23. Nc4 Nxc4 24. Bxc4 Kc7 25. a4 f6 26. Rbe1
Bc8 27. Re3 Bg4 28. Ba6 Rxf2 29. Qf7+ Rd7 30. Qxd7+ Bxd7 31. Kxf2 b5 {0-1 (31)
Stefansson,H (2573)-Grachev,B (2670) Jerusalem 2015}) 10... O-O-O $44 {[%emt 0:
00:10]} 11. Bc4 {[%emt 0:00:42]} h6 {[%emt 0:11:19]} 12. O-O {[%emt 0:06:13]} (
12. Bd5 $5 g5 13. Be3 g4 14. Nd4 Nxe5 15. O-O Bxd5 16. exd5 Rxd5 17. c4 Rc5 (
17... Rd8 18. Qe4 $44 {[%cal Ge4a8,Gd4f5]}) 18. Nf5 (18. Qa4 Kb7) 18... Qf6 19.
Bxc5) 12... g5 {[%emt 0:00:53]} 13. Be3 $146 {[%emt 0:00:43]} (13. Bg3 Bg7 14.
Bd5 Bxe5 15. Qa4 Bxg3 16. hxg3 Nf6 17. Bxb7+ Kxb7 18. e5 Qd7 19. Qc2 Nd5 20.
Rad1 Qe6 21. Rfe1 Ne7 22. c4 Nc6 23. Qe4 f5 24. Qc2 Rhe8 25. c5 b5 26. a4 b4
27. Qb2 a5 28. Qe2 Ka7 29. Qb5 Rb8 30. Qe2 Red8 31. Rxd8 Rxd8 32. Qb5 Rb8 33.
Qd3 Rd8 34. Qb5 Qd5 35. e6 Rb8 36. Qe2 Re8 37. Qe3 Re7 38. Kh2 Kb7 39. Kg1 Qc4
40. Kh2 Re8 41. Nd2 Qc3 42. Qxc3 bxc3 {Ankit,R (2477)-Khismatullin,D (2650)
Moscow 2015 0-1}) 13... g4 {[%emt 0:03:23]} 14. Nd4 {[%emt 0:11:06]} Qxe5 {
[%emt 0:01:54]} 15. Bxf7 {[%emt 0:03:10]} Bxe4 {[%emt 0:35:24]} 16. Qe2 {
[%emt 0:02:23]} Bd6 $132 {[%emt 0:21:04]} 17. g3 {[%emt 0:00:19]} Bb7 {[%emt 0:
01:04]} (17... Nf6 {[%cal Gf6g4,Ge4b7]}) 18. Qxg4 {[%emt 0:01:51]} h5 {[%emt 0:
00:09]} 19. Qe6 {[%emt 0:07:53]} h4 {[%emt 0:01:12]} 20. Nf5 {[%emt 0:05:56]}
hxg3 {[%emt 0:03:07]} 21. fxg3 {[%emt 0:00:08]} Bc5 {[%emt 0:12:01]} (21...
Rxh2 $1 22. Kxh2 Rh8+ {[%csl Gb7]}) 22. Rad1 {[%emt 0:06:11]} Bxe3+ {[%emt 0:
00:45]} 23. Nxe3 {[%emt 0:00:06]} Qxc3 {[%emt 0:01:43]} 24. Rf2 {[%emt 0:04:30]
} Kb8 {[%emt 0:00:32]} 25. Rc2 {[%emt 0:00:44]} Qa3 {[%emt 0:00:18]} 26. Rcd2 {
[%emt 0:01:24]} Bf3 {[%emt 0:00:43]} 27. Rf1 {[%emt 0:00:27]} Bb7 {[%emt 0:00:
29]} 28. Rfd1 {[%emt 0:00:13]} Bf3 {[%emt 0:00:31]} 29. Rf1 {[%emt 0:00:04]}
Bb7 {[%emt 0:00:30]} 1/2-1/2

[Event "OHRA-B"]
[Site "Amsterdam"]
[Date "1990.??.??"]
[Round "4"]
[White "Uhlmann, Wolfgang"]
[Black "Anand, Viswanathan"]
[Result "1-0"]
[WhiteElo "2505"]
[BlackElo "2610"]
[Annotator "Ribli,Z"]
[PlyCount "61"]
[EventDate "1990.07.??"]
[EventType "swiss"]
[EventRounds "9"]
[EventCountry "NED"]
[SourceTitle "CBM 020"]
[Source "ChessBase"]
[SourceDate "1991.02.01"]
[SourceVersion "1"]
[SourceVersionDate "1991.02.01"]
[SourceQuality "1"]

1. c4 Nc6 2. d4 e5 3. d5 Nce7 4. Nc3 Ng6 5. e4 {-> A 40} Nf6 6. Nf3 (6. Be3 Bb4
7. f3 Bxc3+ 8. bxc3 d6 9. c5 O-O 10. Ne2 Nh5 11. Qd2 f5 12. Bg5 Qe8 13. exf5
Rxf5 14. Be3 Rf8 15. Ng3 Nxg3 16. hxg3 $14 {Guimard-Emma Argentina 1958}) 6...
Bb4 7. Qc2 Bxc3+ 8. bxc3 d6 9. h4 h6 10. g3 (10. h5 $6 Nf4 11. Bxf4 exf4 $15)
10... O-O 11. h5 Ne7 12. Nh4 c6 (12... Nxh5 13. Nf5 Nxf5 14. exf5 $40 (14. Rxh5
Ne7 15. Bxh6 gxh6 16. Qd2 Ng6 17. Qxh6 Re8 $19)) 13. Be2 b5 14. dxc6 bxc4 15.
O-O Be6 $6 (15... Qc7 $1 16. Rd1 Qxc6 17. Ba3 Rd8 18. Rd2 Bb7 $1) 16. Rd1 Qc7
17. Ba3 Rfd8 18. Rd2 Qxc6 19. Rad1 Nc8 $6 (19... Nxe4 $2 20. Bf3) (19... Qxe4
$1 20. Qc1 (20. Bxd6 Rxd6) 20... Bg4) 20. Bf3 Rb8 21. Ng2 $146 Bf5 22. Rd5 $1
Nxd5 (22... Bh7 23. Rxe5 $1) (22... Be6 $5 23. Rxe5 Qb6 $5 $13) 23. exf5 Nce7 (
23... Qa6 24. Bxd5 Qxa3 25. f6 $1 $18) 24. f6 $1 gxf6 25. Rxd5 $1 Nxd5 26. Qd2
$18 Rb5 27. Qxh6 {/\ Bf3-e4} Ne3 28. Qxe3 (28. Bxc6 $2 Rb1+ 29. Kh2 Ng4+) 28...
d5 29. Qh6 Rb1+ 30. Kh2 Rf1 31. Be7 1-0